<?xml version='1.0' encoding='UTF-8'?>
  <record xmlns="http://www.loc.gov/MARC21/slim">
    <leader>00000cam a2200000 i 4500</leader>
    <controlfield tag="001">ocm64933726</controlfield>
    <controlfield tag="003">OCoLC</controlfield>
    <controlfield tag="005">20251028043220.7</controlfield>
    <controlfield tag="008">890524s1881    ne            000 0 lat d</controlfield>
    <datafield tag="040" ind1=" " ind2=" ">
      <subfield code="a">NLGGC</subfield>
      <subfield code="b">dut</subfield>
      <subfield code="e">fobidrtb</subfield>
      <subfield code="c">NLGGC</subfield>
      <subfield code="d">OCLCO</subfield>
      <subfield code="d">OCLCL</subfield>
      <subfield code="d">OCLCQ</subfield>
      <subfield code="d">OCLCA</subfield>
    </datafield>
    <datafield tag="029" ind1="0" ind2=" ">
      <subfield code="a">NLGGC</subfield>
      <subfield code="b">053105907</subfield>
    </datafield>
    <datafield tag="035" ind1=" " ind2=" ">
      <subfield code="a">(OCoLC)64933726</subfield>
    </datafield>
    <datafield tag="100" ind1="1" ind2=" ">
      <subfield code="a">Rykers, Jean,</subfield>
      <subfield code="d">1822-1889</subfield>
      <subfield code="1">https://id.oclc.org/worldcat/entity/E39PCjDHvG4KcRxPJcfCgV7yh3</subfield>
    </datafield>
    <datafield tag="245" ind1="1" ind2="0">
      <subfield code="a">Carmen jubilare reverendissimo dilectissimoque praesuli Joanni Augustino Paredis Ruraemundensi Episcopo :</subfield>
      <subfield code="b">post caetera plurima jubilaea, annum sacerdotii sexagesima, episcopatus vero quadragesimum celebranti, tertio calendas Julias, festo SS. Apostolorum Petri et Pauli die /</subfield>
      <subfield code="c">oblatum à Joanne Christophoro Rijkers.</subfield>
    </datafield>
    <datafield tag="260" ind1=" " ind2=" ">
      <subfield code="a">Trajecti ad Mosam :</subfield>
      <subfield code="b">Bogaerts,</subfield>
      <subfield code="c">1881.</subfield>
    </datafield>
    <datafield tag="300" ind1=" " ind2=" ">
      <subfield code="a">22 p. ;</subfield>
      <subfield code="c">24 cm.</subfield>
    </datafield>
    <datafield tag="336" ind1=" " ind2=" ">
      <subfield code="a">tekst</subfield>
      <subfield code="b">txt</subfield>
      <subfield code="2">rdacontent/dut</subfield>
    </datafield>
    <datafield tag="337" ind1=" " ind2=" ">
      <subfield code="a">zonder medium</subfield>
      <subfield code="b">n</subfield>
      <subfield code="2">rdamedia/dut</subfield>
    </datafield>
    <datafield tag="338" ind1=" " ind2=" ">
      <subfield code="a">band</subfield>
      <subfield code="b">nc</subfield>
      <subfield code="2">rdacarrier/dut</subfield>
    </datafield>
    <datafield tag="530" ind1=" " ind2=" ">
      <subfield code="a">Ook beschikbaar in microvorm.</subfield>
    </datafield>
    <datafield tag="600" ind1="1" ind2="4">
      <subfield code="a">Paredis, J.A.</subfield>
      <subfield code="q">(Joannes Augustinus),</subfield>
      <subfield code="d">1795-1886.</subfield>
      <subfield code="0">(NL-LeOCL)070889937</subfield>
    </datafield>
    <datafield tag="776" ind1="0" ind2=" ">
      <subfield code="t">Carmen jubilare reverendissimo dilectissimoque praesuli Joanni Augustino Paredis Ruraemundensi Episcopo</subfield>
      <subfield code="w">(NL-LeOCL)358003555</subfield>
    </datafield>
    <datafield tag="936" ind1=" " ind2=" ">
      <subfield code="a">BATCHLOAD</subfield>
    </datafield>
  </record>